Trouve la collaboration en image - Statistiques

Statistiques générales
  • Ce quiz a été pris 12 fois
    11 depuis la dernière actualisation
  • Le résultat moyen est 4 sur 16
Statistiques - réponses
Par images Réponse % Correct
Nike x Travis Scott
78%
Nike x Michael Jordan
56%
Adidas x Kanye West
44%
Nike x Drake
44%
Nike x Kobe Bryant
44%
Adidas x Pharell Williams
33%
Converse x Tyler The Creator
33%
Puma x Rihanna
22%
Adidas x Lena Situation
11%
Jordan x Drake
11%
Puma x Selena Gomez
11%
Reebook x Cardi B
11%
Reebook x Jul
11%
Reebook x Kendrick Lamar
11%
Vans x ASAP Rocky
11%
Reebook x Future
0%
Aucun quiz correspondant
Distribution des résultats
% des personnes avec chaque résultat
Percentile par nombre de réponses
Votre historique - résultats
Vous n’avez pas pris ce quiz depuis la dernière actualisation